| 000 | 00419nam a22001697a 4500 | ||
|---|---|---|---|
| 003 | CEME | ||
| 005 | 20210628202240.0 | ||
| 008 | 210301b xxu||||| |||| 00| 0 eng d | ||
| 040 | _c. | ||
| 082 | _a891.4393 NAS | ||
| 100 |
_aNasim Hijazi _91042 |
||
| 245 | _aKalissa aur aug | ||
| 260 |
_aLAHORE _bJEHNGIR BOOK DEPO _c2000 |
||
| 300 | _a428P | ||
| 650 |
_aURDU ADAB-NOVEL-KALISSA AUR AUG. _958993 |
||
| 942 |
_cBK _2ddc |
||
| 999 |
_c569051 _d569051 |
||